| 000 | 01181nam a22003377a 4500 | ||
|---|---|---|---|
| 003 | CHAP | ||
| 005 | 20220329133612.0 | ||
| 008 | 971013s1993 r 00010 d | ||
| 010 | _a8439 | ||
| 011 | _a9411 | ||
| 035 | _a8646 | ||
| 040 | _cCHAP | ||
| 090 | _aTesis | ||
| 100 | 0 | 0 |
_aFernández Elguezabal, Jesús. _940169 |
| 245 | _aInfluencia del genotipo de papa en la producción de oosporas de Phytophthora infestans (Mont.) de Bary | ||
| 260 |
_aMontecillo, Méx. : _bEl autor, _c1993 |
||
| 300 |
_a56 h. _b: ilus. ; anexo |
||
| 502 | _aTesis (M.C. Esp. en Fitopatología) -- Colegio de Postgraduados. Centro de Fitopatología | ||
| 590 |
_aALEPH _b10 _c20130110 _lUCH01 _h1222 |
||
| 590 |
_aBATCH-UPD _b10 _c20130110 _lUCH01 _h1545 |
||
| 590 |
_aBATCH-UPD _b10 _c20130410 _lUCH01 _h0945 |
||
| 590 |
_aBATCH-UPD _b10 _c20130914 _lUCH01 _h1858 |
||
| 590 |
_aCONVERSION _b10 _c20130109 _lUCH01 _h1306 |
||
| 650 | 1 | 4 |
_aPapa _xGenética. _985240 |
| 650 | 1 | 4 |
_aPhytophthora infestans. _987925 |
| 650 | 1 | 4 |
_aTizón tardío de la papa. _9113451 |
| 901 | _aBK | ||
| 942 | _cFOLL | ||
| 949 |
_bBC _cTES _d-18927 _eTS1 _h25578 _i8646 _si |
||
| 949 |
_bBC _cTES _d-18929 _eTS2 _fc.2 _h25579 _i8646 _si |
||
| 999 |
_c8439 _d8439 |
||